| 000 | 00672nam a22001937a 4500 | ||
|---|---|---|---|
| 003 | 0 | ||
| 005 | 20260205153846.0 | ||
| 008 | 260205b xxu||||| |||| 00| 0 eng d | ||
| 020 | _a978-0-425-23665-9 | ||
| 050 |
_aM 909.07 _bF39 2010 |
||
| 082 |
_aM 909.07 _bF39 2010 |
||
| 100 | _aFawcett, Bill | ||
| 245 |
_a100 mistakes that changed history : _bbackfires and blunders that collapsed empires, crashed economies, and altered the course of our world / _cBill Fawcett. |
||
| 260 |
_aNew York, NY : _bBerkley, _c2010. |
||
| 300 |
_a387 pages : _billustrations ; _c21 cm. |
||
| 650 |
_aHistory _vMiscellanea. |
||
| 650 |
_aHistory _vErrors, inventions, etc. |
||
| 942 |
_2ddc _cBK |
||
| 999 |
_c368827 _d368827 |
||